TNPSC குரூப் I, II, III & IV புவியியல் (Record no. 51118)

MARC details
000 -LEADER
fixed length control field 00837nam a22002417a 4500
003 - CONTROL NUMBER IDENTIFIER
control field CUTN
005 - DATE AND TIME OF LATEST TRANSACTION
control field 20260421144337.0
008 - FIXED-LENGTH DATA ELEMENTS--GENERAL INFORMATION
fixed length control field 260421b |||||||| |||| 00| 0 eng d
020 ## - INTERNATIONAL STANDARD BOOK NUMBER
International Standard Book Number 9788199189331
041 ## - LANGUAGE CODE
Language Tamil
082 ## - DEWEY DECIMAL CLASSIFICATION NUMBER
Edition number 23rd
Classification number 910
Item number CHO
100 ## - MAIN ENTRY--PERSONAL NAME
Personal name சோழன் பப்ளிகேஷன்ஸ்
245 ## - TITLE STATEMENT
Title TNPSC குரூப் I, II, III & IV புவியியல்
250 ## - EDITION STATEMENT
Edition statement முதற்பதிப்பு
260 ## - PUBLICATION, DISTRIBUTION, ETC. (IMPRINT)
Place of publication, distribution, etc சென்னை:
Name of publisher, distributor, etc சோழன் பப்ளிகேஷன்ஸ்,
Date of publication, distribution, etc 2026.
300 ## - PHYSICAL DESCRIPTION
Extent 256p.,
650 ## - SUBJECT ADDED ENTRY--TOPICAL TERM
Topical term or geographic name as entry element TNPSC குரூப் I, II,
650 ## - SUBJECT ADDED ENTRY--TOPICAL TERM
Topical term or geographic name as entry element TNPSC குரூப் I, II, III & IV புவியியல்
650 ## - SUBJECT ADDED ENTRY--TOPICAL TERM
Topical term or geographic name as entry element புவியியல்
650 ## - SUBJECT ADDED ENTRY--TOPICAL TERM
Topical term or geographic name as entry element Competitive Books
650 ## - SUBJECT ADDED ENTRY--TOPICAL TERM
Topical term or geographic name as entry element Competitive exam
942 ## - ADDED ENTRY ELEMENTS (KOHA)
Source of classification or shelving scheme Dewey Decimal Classification
Koha item type Competitive Books
Holdings
Withdrawn status Lost status Source of classification or shelving scheme Damaged status Not for loan Collection code Home library Location Shelving location Date of Cataloging Total Checkouts Full call number Barcode Date last seen Price effective from Koha item type
    Dewey Decimal Classification   Not For Loan Reference CUTN Central Library CUTN Central Library Competitive Section 21/04/2026   910 CHO 56396 21/04/2026 21/04/2026 Competitive Books